Statistiche per Seleziona la casella - Capitali 'B' del mondo

Clicka qui per fare il quiz!

Statistiche generali

  • Questo quiz è stato fatto 272 volte
  • Il punteggio medio è 58 su 80

Statistiche sulle risposte

DomandaCasellaSelect% Corretto
dei Paesi che iniziano per la lettera BBrasilia
94%
dei Paesi europeiBamakoNo
92%
dei Paesi europeiBandar Seri BegawanNo
92%
dei Paesi europeiBissauNo
92%
dei Paesi che iniziano per la lettera BBruxelles
92%
dei Paesi europeiBangkokNo
91%
dei Paesi europeiBelmopanNo
91%
dei Paesi europeiBrasiliaNo
91%
dei Paesi europeiBaghdadNo
90%
dei Paesi europeiBerlino
90%
dei Paesi europeiBogotàNo
90%
dei Paesi europeiBridgetownNo
90%
dei Paesi europeiBudapest
90%
dei Paesi europeiBuenos AiresNo
90%
dei Paesi che iniziano per la lettera BBamakoNo
89%
dei Paesi europeiBruxelles
89%
dei Paesi europeiBerna
88%
dei Paesi europeiBucharest
88%
dei Paesi che iniziano per la lettera BBissauNo
86%
dei paesi che hanno il colore verde nella loro bandieraBernaNo
85%
dei paesi che hanno il colore verde nella loro bandieraBerlinoNo
84%
dei paesi che hanno il colore verde nella loro bandieraBratislavaNo
84%
dei paesi che hanno il colore verde nella loro bandieraBruxellesNo
84%
dei paesi che hanno il colore verde nella loro bandieraBuenos AiresNo
84%
dei Paesi che iniziano per la lettera BBaghdadNo
82%
dei Paesi europeiBratislava
82%
con meno di un milione di abitantiBuenos AiresNo
82%
dei paesi che hanno il colore verde nella loro bandieraBangkokNo
81%
con meno di un milione di abitantiBangkokNo
81%
con meno di un milione di abitantiBrasiliaNo
81%
ad ovest del meridiano di GreenwichBratislavaNo
81%
dei Paesi che iniziano per la lettera BBangkokNo
80%
ad ovest del meridiano di GreenwichBerlinoNo
80%
con meno di un milione di abitantiBerlinoNo
80%
dei Paesi che iniziano per la lettera BBernaNo
80%
dei Paesi che iniziano per la lettera BBratislavaNo
80%
ad ovest del meridiano di GreenwichBucharestNo
80%
ad ovest del meridiano di GreenwichBudapestNo
80%
ad ovest del meridiano di GreenwichBangkokNo
79%
con meno di un milione di abitantiBogotàNo
79%
dei Paesi che iniziano per la lettera BBuenos AiresNo
79%
ad ovest del meridiano di GreenwichBaghdadNo
78%
ad ovest del meridiano di GreenwichBandar Seri BegawanNo
78%
dei paesi che hanno il colore verde nella loro bandieraBrasilia
78%
ad ovest del meridiano di GreenwichBruxellesNo
78%
dei paesi che hanno il colore verde nella loro bandieraBucharestNo
78%
dei Paesi che iniziano per la lettera BBerlinoNo
77%
ad ovest del meridiano di GreenwichBernaNo
77%
dei Paesi che iniziano per la lettera BBucharestNo
77%
ad ovest del meridiano di GreenwichBrasilia
76%
con meno di un milione di abitantiBaghdadNo
75%
dei Paesi che iniziano per la lettera BBogotàNo
75%
dei Paesi che iniziano per la lettera BBudapestNo
74%
dei paesi che hanno il colore verde nella loro bandieraBogotàNo
73%
con meno di un milione di abitantiBudapestNo
73%
ad ovest del meridiano di GreenwichBuenos Aires
72%
dei paesi che hanno il colore verde nella loro bandieraBandar Seri BegawanNo
71%
ad ovest del meridiano di GreenwichBogotà
71%
con meno di un milione di abitantiBucharestNo
69%
dei paesi che hanno il colore verde nella loro bandieraBridgetownNo
66%
con meno di un milione di abitantiBruxellesNo
66%
con meno di un milione di abitantiBandar Seri Begawan
64%
dei paesi che hanno il colore verde nella loro bandieraBudapest
63%
con meno di un milione di abitantiBelmopan
60%
con meno di un milione di abitantiBissau
59%
dei paesi che hanno il colore verde nella loro bandieraBissau
55%
ad ovest del meridiano di GreenwichBridgetown
53%
con meno di un milione di abitantiBerna
52%
con meno di un milione di abitantiBridgetown
51%
dei Paesi che iniziano per la lettera BBandar Seri Begawan
48%
con meno di un milione di abitantiBamakoNo
46%
ad ovest del meridiano di GreenwichBelmopan
44%
dei Paesi che iniziano per la lettera BBelmopan
42%
ad ovest del meridiano di GreenwichBissau
41%
dei paesi che hanno il colore verde nella loro bandieraBamako
36%
dei Paesi che iniziano per la lettera BBridgetown
35%
con meno di un milione di abitantiBratislava
34%
dei paesi che hanno il colore verde nella loro bandieraBaghdad
31%
dei paesi che hanno il colore verde nella loro bandieraBelmopan
29%
ad ovest del meridiano di GreenwichBamako
18%

Distribuzione punteggi

Percentile per numero di risposta

Percentuale di utenti per punteggio

I tuoi punteggi nel tempo

Non hai fatto questo quiz